| Tag |
First Indicator |
Second Indicator |
Subfields |
| LEADER |
00000cam a22000001a 4500 |
| 001 |
in00002163821 |
| 006 |
m e d # |
| 007 |
cr mn mmmmabba |
| 008 |
820108s1790 mau s 000 0 eng d |
| 005 |
20260330213450.8 |
| 035 |
|
|
|z w034562
|
| 035 |
|
|
|a MAAR8201084024B
|
| 035 |
|
|
|9 mwa91-26712
|
| 035 |
|
|
|a 340504
|
| 035 |
|
|
|a aas03034562
|
| 040 |
|
|
|a MWA
|c MWA
|e bdrb
|d UtOrBLW
|
| 110 |
2 |
|
|a Massachusetts State Lottery (1790)
|
| 245 |
1 |
0 |
|a Massachusetts State Lottery :
|b More prizes than blanks---and no deduction from the prizes. Scheme of the second class of the state lottery, positively to commence drawing on Thursday, the thirteenth of May next, in the representatives chamber, in Boston ...
|
| 264 |
|
3 |
|a [Boston] :
|b Printed by Thomas Adams, Court-Street, Boston,
|c [1790]
|
| 300 |
|
|
|a 1 sheet (1 unnumbered page) :
|b illustrations (relief cut)
|
| 336 |
|
|
|a text
|b txt
|2 rdacontent
|
| 337 |
|
|
|a computer
|b c
|2 rdamedia
|
| 338 |
|
|
|a online resource
|b cr
|2 rdacarrier
|
| 500 |
|
|
|a Dated: Boston, April 10, 1790.
|
| 510 |
4 |
|
|a Bristol
|c B7415
|
| 510 |
4 |
|
|a Shipton & Mooney
|c 45910
|
| 530 |
|
|
|a Microform version available in the Readex Early American Imprints series.
|
| 533 |
|
|
|a Electronic text and image data.
|b [Chester, Vt. :
|c Readex, a division of Newsbank, Inc.,
|d 2002-2004.
|e Includes files in TIFF, GIF and PDF formats with inclusion of keyword searchable text.
|f (Early American imprints. First series ; no. 45910).
|
| 500 |
|
|
|a Electronic resource.
|
| 650 |
|
0 |
|a Lotteries
|z Massachusetts.
|
| 655 |
|
7 |
|a Broadsides.
|2 rbgenr
|
| 752 |
|
|
|a United States
|b Massachusetts
|d Boston.
|
| 830 |
|
0 |
|a Early American imprints.
|n Series I,
|p Evans (1639-1800) ;
|v no. 45910.
|
| 856 |
4 |
1 |
|u http://proxy.library.tamu.edu/login?url=https://opac.newsbank.com/select/evans/45910
|y Evans Digital Edition
|t 0
|
| 999 |
|
|
|a MARS
|
| 999 |
f |
f |
|s c3968127-4857-353c-b4f8-471b7c2ac76c
|i 1f9281bb-f8e0-366e-8d90-6b74d01f722f
|t 0
|
| 952 |
f |
f |
|a Texas A&M University
|b College Station
|c Electronic Resources
|s www_evans
|d Available Online
|t 0
|h No information provided
|
| 998 |
f |
f |
|t 0
|l Available Online
|